[Event "4NCL/Div1a/WRO1 vs. RIC"]
[Site "Sunningdale ENG"]
[Date "2009.01.17"]
[Round "5.7"]
[White "Adams, David M"]
[Black "Meyer, Gordon"]
[Result "1-0"]
[WhiteElo "2191"]
[BlackElo "2160"]
[PlyCount "79"]
[EventDate "2009.01.17"]
[SourceDate "2008.10.04"]

1. e4 c5 2. c3 d5 3. exd5 Qxd5 4. d4 cxd4 5. cxd4 Nc6 6. Nf3 e5 7. Nc3 Bb4 8.
Bd2 Bxc3 9. Bxc3 e4 10. Ne5 Nxe5 11. dxe5 Ne7 12. Qa4+ Bd7 13. Qb4 a5 14. Qb6
O-O 15. Rd1 Qc6 16. Qe3 Bg4 17. Rd6 Nf5 18. Qg5 Nxd6 19. exd6 f6 20. Qxg4 b5
21. Be2 b4 22. Bd2 Qxd6 23. Qg3 Qd4 24. Qb3+ Kh8 25. Be3 Qe5 26. O-O h6 27. g3
a4 28. Qxb4 Rfb8 29. Qc3 Qxc3 30. bxc3 Rb2 31. Bc4 Rc8 32. Bd5 Rd8 33. Bc1 Rc2
34. Bxe4 Rxc3 35. Be3 Re8 36. Bg6 Rb8 37. Rd1 a3 38. Bf4 Rbc8 39. Bf5 Ra8 40.
Be4 1-0

[Event "4NCL/Div1b/BET vs. BAR2"]
[Site "Sunningdale ENG"]
[Date "2009.01.17"]
[Round "5.1"]
[White "Hunt, Adam C"]
[Black "Taylor, Martin R"]
[Result "1-0"]
[WhiteElo "2431"]
[BlackElo "2339"]
[PlyCount "89"]
[EventDate "2009.01.17"]
[SourceDate "2008.10.04"]

1. e4 Nf6 2. e5 Nd5 3. d4 d6 4. Nf3 dxe5 5. Nxe5 c6 6. Bd3 Nd7 7. O-O Nxe5 8.
dxe5 Nb4 9. Be4 Qxd1 10. Rxd1 f5 11. a3 fxe4 12. axb4 Bf5 13. Be3 a6 14. c3 g6
15. Nd2 O-O-O 16. Bd4 Bh6 17. Nc4 Rhf8 18. Re1 Kb8 19. h3 Bg5 20. Na5 h5 21.
Nb3 Kc7 22. Nc5 e3 23. fxe3 Bc8 24. c4 Bh4 25. Rf1 b6 26. Na4 c5 27. bxc5 b5
28. cxb5 axb5 29. Nc3 b4 30. Nd5+ Kc6 31. Nxb4+ Kb5 32. Na2 Rxf1+ 33. Rxf1 Be6
34. Nc3+ Kc4 35. Kh2 Bg5 36. Na4 Rb8 37. c6 Kb5 38. Nc5 Bd5 39. c7 Re8 40. e4
Bc6 41. Ne6 Bh6 42. Nd8 Bd7 43. e6 Bc8 44. Be5 Be3 45. Rf3 1-0

[Event "4NCL/Div1b/BET vs. BAR2"]
[Site "Sunningdale ENG"]
[Date "2009.01.17"]
[Round "5.2"]
[White "Lewis, Andrew P"]
[Black "Ledger, Andrew J"]
[Result "1-0"]
[WhiteElo "2274"]
[BlackElo "2431"]
[PlyCount "76"]
[EventDate "2009.01.17"]
[SourceDate "2008.10.04"]

1. Nf3 d6 2. d4 Bg4 3. e4 Nf6 4. Nc3 e6 5. Be3 c6 6. Bd3 d5 7. e5 Nfd7 8. h3
Bxf3 9. Qxf3 c5 10. Nb5 cxd4 11. Bxd4 Nc6 12. Bc3 Ndxe5 13. Qg3 Nxd3+ 14. cxd3
Rc8 15. O-O d4 16. Bd2 g6 17. Bf4 f6 18. Rae1 Kf7 19. Re2 a6 20. Nd6+ Bxd6 21.
Bxd6 e5 22. Ba3 Re8 23. Rfe1 Qd5 24. b3 Kg7 25. f4 exf4 26. Qxf4 Rxe2 27. Rxe2
Ne5 28. Bc1 Kg8 29. Bb2 Kf7 30. Qh6 Rg8 31. Rc2 Qd7 32. Qf4 Nxd3 33. Qxd4 Qxd4+
34. Bxd4 Rd8 35. Be3 Ke6 36. Rd2 Kf5 37. Kf1 Rd5 38. Ke2 Nf4+ 1-0

[Event "4NCL/Div1b/BET vs. BAR2"]
[Site "Sunningdale ENG"]
[Date "2009.01.17"]
[Round "5.3"]
[White "Ansell, Simon"]
[Black "Piper, Matthew S"]
[Result "1/2-1/2"]
[WhiteElo "2405"]
[BlackElo "2287"]
[PlyCount "86"]
[EventDate "2009.01.17"]
[SourceDate "2008.10.04"]

1. e4 e5 2. Nf3 Nc6 3. d4 exd4 4. Nxd4 Bc5 5. Nxc6 Qf6 6. Qf3 Qxf3 7. gxf3 bxc6
8. Nd2 Ne7 9. Nb3 Bb6 10. Be3 d6 11. O-O-O Bxe3+ 12. fxe3 a5 13. Nd4 a4 14. a3
O-O 15. f4 Ra5 16. Rg1 f5 17. Bc4+ Kh8 18. exf5 Nxf5 19. Nxf5 Bxf5 20. Bd3 Bd7
21. h4 Re8 22. Rg3 Rc5 23. Rdg1 g6 24. Kd2 Rb8 25. Rg5 Rxb2 26. Rxc5 dxc5 27.
Ra1 Be6 28. Kc3 Rb8 29. e4 Rf8 30. Rf1 Kg7 31. h5 Kh6 32. hxg6 hxg6 33. Bc4 Bc8
34. Kd2 Kg7 35. Ke3 Rh8 36. e5 Rh2 37. Bd3 Kf7 38. Rg1 Rh3+ 39. Kd2 Rh6 40. Rb1
Rh4 41. Ke3 Rh3+ 42. Kf2 Rh4 43. Ke3 Rh3+ 1/2-1/2

[Event "4NCL/Div1b/BET vs. BAR2"]
[Site "Sunningdale ENG"]
[Date "2009.01.17"]
[Round "5.4"]
[White "Rogers, Jonathan W"]
[Black "Eames, Robert G"]
[Result "1-0"]
[WhiteElo "2330"]
[BlackElo "2335"]
[PlyCount "87"]
[EventDate "2009.01.17"]
[SourceDate "2008.10.04"]

1. Nf3 Nf6 2. d4 e6 3. g3 b5 4. Bg2 Bb7 5. O-O c5 6. c3 Na6 7. Bf4 Be7 8. Na3
b4 9. cxb4 cxb4 10. Nc4 O-O 11. Rc1 Rc8 12. Nfe5 Bxg2 13. Kxg2 d6 14. Nf3 Qd7
15. Qd3 Nd5 16. Bg5 f6 17. Bd2 Qb5 18. Qb3 f5 19. Bg5 Qd7 20. Bxe7 Qxe7 21. Qa4
Nb8 22. Rc2 g5 23. Rfc1 g4 24. Nh4 f4 25. Kg1 Qf6 26. e4 Rxc4 27. exd5 fxg3 28.
hxg3 exd5 29. Ng2 Qxd4 30. Ne3 Rxc2 31. Qxc2 Nd7 32. Rd1 Qg7 33. Qb3 Ne5 34.
Qxd5+ Kh8 35. Qxd6 a5 36. Rd5 Re8 37. Kg2 Nf3 38. Qd7 Qxd7 39. Rxd7 Ne5 40. Rd5
a4 41. Rd4 h5 42. Rxb4 a3 43. bxa3 Kg7 44. Re4 1-0

[Event "4NCL/Div1b/BET vs. BAR2"]
[Site "Sunningdale ENG"]
[Date "2009.01.17"]
[Round "5.6"]
[White "Franklin, Samuel"]
[Black "Ledger, David J"]
[Result "0-1"]
[WhiteElo "2142"]
[BlackElo "2265"]
[PlyCount "82"]
[EventDate "2009.01.17"]
[SourceDate "2008.10.04"]

1. c4 e5 2. Nc3 d6 3. Nf3 Nc6 4. d4 Bg4 5. d5 Nce7 6. e4 Ng6 7. Be2 Nf6 8. O-O
Be7 9. Be3 Nd7 10. Qd2 O-O 11. h3 Bxf3 12. Bxf3 h6 13. g3 Bg5 14. Bxg5 Qxg5 15.
Qxg5 hxg5 16. Rac1 a6 17. b3 Ne7 18. Na4 b6 19. Bg4 Nc5 20. Nc3 a5 21. Kg2 g6
22. Bf3 f5 23. Rb1 Kg7 24. a3 fxe4 25. Nxe4 Nxe4 26. Bxe4 Nf5 27. Bxf5 gxf5 28.
f4 gxf4 29. gxf4 Kf6 30. Kh2 Rh8 31. Rbd1 Rad8 32. Rd2 Rh4 33. Rdf2 e4 34. Re2
Rdh8 35. Re3 Rg8 36. Rf2 Rgg4 37. b4 axb4 38. axb4 Rxf4 39. Rxf4 Rxf4 40. Kg3
Rf1 41. Rc3 Ke5 0-1

[Event "4NCL/Div1b/BET vs. BAR2"]
[Site "Sunningdale ENG"]
[Date "2009.01.17"]
[Round "5.7"]
[White "Ledger, Stephen C"]
[Black "Ynojosa, Felix J"]
[Result "0-1"]
[WhiteElo "2150"]
[BlackElo "2174"]
[PlyCount "120"]
[EventDate "2009.01.17"]
[SourceDate "2008.10.04"]

1. d4 Nf6 2. c4 g6 3. Nf3 Bg7 4. Nc3 O-O 5. Bf4 d6 6. h3 Nbd7 7. e3 c5 8. Be2
Nh5 9. Bh2 cxd4 10. Nxd4 Nhf6 11. O-O a6 12. Rc1 e5 13. Nb3 Qe7 14. Qd2 Rd8 15.
Rfd1 Nf8 16. Bf3 Ne6 17. Bg3 Ng5 18. Bd5 Bf5 19. Qe2 Nfe4 20. Nxe4 Nxe4 21. Nd2
Nxg3 22. fxg3 Be6 23. Nf3 Bh6 24. g4 Rac8 25. Rc3 Bxd5 26. Rxd5 e4 27. Nd2 Rc5
28. Nf1 Rdc8 29. Rxc5 dxc5 30. Rc2 Rd8 31. Rd2 Rxd2 32. Qxd2 Qe5 33. b3 Bg5 34.
Qc2 Kf8 35. Qd2 Ke8 36. Qc2 f5 37. gxf5 gxf5 38. Qe2 Qd6 39. Qh5+ Qg6 40. Qxg6+
hxg6 41. Kf2 Ke7 42. g3 Ke6 43. Nd2 Bh6 44. h4 b5 45. Ke2 Bg7 46. a4 bxa4 47.
bxa4 Bc3 48. Nb3 Bb4 49. Kf2 Kf6 50. Kg2 g5 51. hxg5+ Kxg5 52. Kf2 Kh5 53. Nc1
Kg4 54. Ne2 Ba5 55. Kg2 Bc7 56. Nc3 Bxg3 57. Nd5 Bh4 58. Nc7 f4 59. exf4 e3 60.
Nd5 e2 0-1

[Event "4NCL/Div1b/BET vs. BAR2"]
[Site "Sunningdale ENG"]
[Date "2009.01.17"]
[Round "5.8"]
[White "Bhatia, Kanwal K"]
[Black "Yurenok, Maria S"]
[Result "1/2-1/2"]
[WhiteElo "2067"]
[BlackElo "2035"]
[PlyCount "105"]
[EventDate "2009.01.17"]
[SourceDate "2008.10.04"]

1. e4 c5 2. Nf3 e6 3. c3 d5 4. exd5 exd5 5. d4 Bd6 6. Be3 cxd4 7. Bxd4 Nf6 8.
Bb5+ Bd7 9. Qe2+ Qe7 10. Qxe7+ Bxe7 11. Bxd7+ Nbxd7 12. O-O O-O 13. Nbd2 Nc5
14. Ne5 Ne6 15. Be3 Rfd8 16. Ndf3 Bc5 17. Bxc5 Nxc5 18. Ng5 Rf8 19. Rad1 h6 20.
Ngf3 Rfe8 21. Rfe1 Re7 22. Nd3 Rxe1+ 23. Nfxe1 Nxd3 24. Nxd3 Rd8 25. Nf4 Rd7
26. Rd4 Kf8 27. Kf1 Ke7 28. Ra4 a6 29. Ne2 g6 30. Rh4 h5 31. Rf4 Ne4 32. Ke1 f5
33. Rf3 Rd6 34. Re3 Kf6 35. f3 Nc5 36. Kd2 Ne6 37. Rd3 Nc5 38. Rd4 Ne6 39. Rb4
b5 40. a4 bxa4 41. Rxa4 Rb6 42. Kc2 Ke5 43. Ra5 Kd6 44. g3 Rc6 45. Ra4 Rb6 46.
Ra1 Kc5 47. Rd1 a5 48. h4 Rd6 49. Ra1 Kb6 50. Kd3 Nc5+ 51. Kc2 Ne6 52. Rd1 Kc5
53. Ra1 1/2-1/2

[Event "4NCL/Div1b/NWE1 vs. GUI1"]
[Site "Sunningdale ENG"]
[Date "2009.01.17"]
[Round "5.1"]
[White "Morrison, Graham"]
[Black "Rowson, Jonathan"]
[Result "1/2-1/2"]
[WhiteElo "2342"]
[BlackElo "2585"]
[PlyCount "82"]
[EventDate "2009.01.17"]
[SourceDate "2008.10.04"]

1. d4 Nf6 2. c4 e6 3. g3 d5 4. Nf3 Bb4+ 5. Bd2 a5 6. Bg2 dxc4 7. O-O Ra6 8. a3
Bxd2 9. Nbxd2 b5 10. a4 c6 11. e4 O-O 12. Qc2 Nbd7 13. b3 cxb3 14. Nxb3 Bb7 15.
Rfd1 Qe7 16. Bf1 Ra7 17. Bd3 h6 18. axb5 a4 19. Nbd2 cxb5 20. Bxb5 a3 21. Ra2
Rc8 22. Qd3 Qb4 23. Rb1 Qc3 24. Rb3 Qc1+ 25. Kg2 Qd1 26. Rb1 Rc1 27. Rxc1 Qxc1
28. h3 Nf8 29. Nb3 Qc8 30. Nc5 Qa8 31. Nxb7 Qxb7 32. Nd2 Nxe4 33. Nxe4 f5 34.
f3 fxe4 35. fxe4 Nh7 36. Bc4 Ng5 37. d5 e5 38. h4 Nh7 39. d6+ Kf8 40. Bd5 Qb6
41. d7 Rxd7 1/2-1/2

[Event "4NCL/Div1b/NWE1 vs. GUI1"]
[Site "Sunningdale ENG"]
[Date "2009.01.17"]
[Round "5.2"]
[White "Pert, Nicholas"]
[Black "Coates, Kenneth G"]
[Result "1-0"]
[WhiteElo "2536"]
[BlackElo "2234"]
[PlyCount "59"]
[EventDate "2009.01.17"]
[SourceDate "2008.10.04"]

1. d4 d5 2. Nf3 Nf6 3. c4 c6 4. Nc3 dxc4 5. a4 Bf5 6. Nh4 e6 7. Nxf5 exf5 8. e3
g6 9. Bxc4 Bg7 10. O-O O-O 11. f3 c5 12. dxc5 Qa5 13. Nb5 Qb4 14. b3 Qxc5 15.
Qe2 Nd5 16. Ba3 Nb4 17. Rac1 Qe7 18. Bxb4 Qxb4 19. Nc7 Nc6 20. Nxa8 Rxa8 21.
Bd5 Re8 22. Kh1 Bh6 23. f4 Qd6 24. Qf3 Nb4 25. Bxb7 Qd3 26. Rc8 Rxc8 27. Bxc8
Qxb3 28. Bd7 Nd5 29. Bc6 Nxe3 30. Re1 1-0

[Event "4NCL/Div1b/NWE1 vs. GUI1"]
[Site "Sunningdale ENG"]
[Date "2009.01.17"]
[Round "5.3"]
[White "Hulmes, David I"]
[Black "Conquest, Stuart C"]
[Result "0-1"]
[WhiteElo "2219"]
[BlackElo "2531"]
[PlyCount "50"]
[EventDate "2009.01.17"]
[SourceDate "2008.10.04"]

1. e4 c5 2. Nf3 d6 3. d4 cxd4 4. Nxd4 Nf6 5. Nc3 Nc6 6. Bc4 Qb6 7. Nb3 e6 8.
O-O Be7 9. Be3 Qc7 10. f4 a6 11. Bd3 b5 12. Qf3 Bb7 13. a3 Rc8 14. Qh3 b4 15.
axb4 Nxb4 16. f5 e5 17. Ra4 d5 18. exd5 Nfxd5 19. Nxd5 Bxd5 20. Bxa6 Rb8 21.
Nd2 Qxc2 22. Ra5 O-O 23. f6 Bxf6 24. Nf3 Nxa6 25. Rxd5 Qe4 0-1

[Event "4NCL/Div1b/NWE1 vs. GUI1"]
[Site "Sunningdale ENG"]
[Date "2009.01.17"]
[Round "5.4"]
[White "King, Daniel J"]
[Black "Redmond, John"]
[Result "1-0"]
[WhiteElo "2512"]
[BlackElo "2207"]
[PlyCount "71"]
[EventDate "2009.01.17"]
[SourceDate "2008.10.04"]

1. e4 e6 2. d4 d5 3. Nc3 Bb4 4. e5 c5 5. a3 Bxc3+ 6. bxc3 Qa5 7. Bd2 Qa4 8. Qb1
c4 9. Ne2 Nc6 10. Ng3 Bd7 11. Be2 O-O-O 12. O-O f6 13. exf6 Nxf6 14. Bf4 Be8
15. Qc1 Bg6 16. Bd1 Rhe8 17. Re1 b6 18. Qd2 Kb7 19. Re3 Rd7 20. Ra2 Qb5 21. Qc1
Qa4 22. Bf3 Rde7 23. Qd2 Qb5 24. Qe1 Qa4 25. Re2 Rf7 26. Bg5 Rfe7 27. Bxf6 gxf6
28. Nh5 Bxh5 29. Bxh5 Rg8 30. Rxe6 Reg7 31. g3 Qa5 32. Kg2 f5 33. Be8 Nd8 34.
Re7+ Ka6 35. a4 f4 36. Bb5+ 1-0

[Event "4NCL/Div1b/NWE1 vs. GUI1"]
[Site "Sunningdale ENG"]
[Date "2009.01.17"]
[Round "5.5"]
[White "Burke, John"]
[Black "Hebden, Mark L"]
[Result "0-1"]
[WhiteElo "2085"]
[BlackElo "2522"]
[PlyCount "82"]
[EventDate "2009.01.17"]
[SourceDate "2008.10.04"]

1. d4 Nf6 2. Nf3 g6 3. Bf4 Bg7 4. e3 O-O 5. Be2 d6 6. h3 c5 7. c3 Be6 8. Nbd2
Qb6 9. Qc1 cxd4 10. exd4 Nc6 11. Be3 Nd5 12. Nc4 Qc7 13. Bh6 b5 14. Bxg7 Kxg7
15. Ne3 Nxe3 16. Qxe3 Rab8 17. h4 h5 18. Ng5 Bf5 19. Qg3 e5 20. d5 Ne7 21. Bd3
Bxd3 22. Qxd3 Qc4 23. Qxc4 bxc4 24. O-O-O Rb5 25. Ne4 Rd8 26. Nd2 Rc5 27. Kc2
f5 28. b4 cxb3+ 29. axb3 Nxd5 30. Nc4 Kf6 31. Ra1 Nb6 32. Nxb6 axb6 33. Kb2
Rdc8 34. c4 b5 35. Rhd1 R8c6 36. cxb5 Rxb5 37. Rac1 Rcb6 38. Rc3 f4 39. g3 fxg3
40. fxg3 d5 41. Rf1+ Ke6 0-1

[Event "4NCL/Div1b/NWE1 vs. GUI1"]
[Site "Sunningdale ENG"]
[Date "2009.01.17"]
[Round "5.6"]
[White "Kosten, Anthony C"]
[Black "Duckers, Harvey L"]
[Result "1-0"]
[WhiteElo "2514"]
[BlackElo "2060"]
[PlyCount "111"]
[EventDate "2009.01.17"]
[SourceDate "2008.10.04"]

1. Nf3 d6 2. e4 g6 3. d4 Bg7 4. Nc3 a6 5. Bc4 e6 6. a4 b6 7. Bg5 Ne7 8. Qd2 h6
9. Be3 Nd7 10. O-O Bb7 11. Ba2 Kf8 12. Ne1 Nf6 13. f3 Kg8 14. Nd3 Kh7 15. Rad1
Qe8 16. Rde1 Rd8 17. b3 c5 18. Ne2 Nc6 19. c3 Qe7 20. b4 cxd4 21. cxd4 d5 22.
e5 Nd7 23. Rb1 Rc8 24. f4 Rc7 25. Rb2 Rhc8 26. Ng3 Qh4 27. Bf2 Qd8 28. Bb1 Ne7
29. Qe2 Nf8 30. a5 Nd7 31. axb6 Nxb6 32. Nc5 Nc4 33. Rb3 Bc6 34. Nh5 Bb5 35.
Nxg7 Kxg7 36. Bh4 Qe8 37. Bf6+ Kf8 38. Bd3 Ng8 39. Bh4 Ra8 40. g4 a5 41. bxa5
Rxa5 42. f5 Kg7 43. fxg6 fxg6 44. Be1 Rxc5 45. Bxa5 Rc8 46. Bb4 Ba4 47. Bf8+
Kh7 48. Rb7+ Bd7 49. Bxg6+ Kxg6 50. Qc2+ Kg5 51. Qc1+ Kh4 52. Qe1+ Kg5 53. h4+
Kxg4 54. Qe2+ Kxh4 55. Rf4+ Kg3 56. Qh2# 1-0

[Event "4NCL/Div1b/NWE1 vs. GUI1"]
[Site "Sunningdale ENG"]
[Date "2009.01.17"]
[Round "5.7"]
[White "Morrison, Lynne"]
[Black "Berzinsh, Roland"]
[Result "0-1"]
[WhiteElo "1920"]
[BlackElo "2420"]
[PlyCount "60"]
[EventDate "2009.01.17"]
[SourceDate "2008.10.04"]

1. d4 Nf6 2. Nf3 e6 3. e3 b6 4. Bd3 Bb7 5. Nbd2 d5 6. O-O Bd6 7. Re1 Ne4 8. Nf1
Nd7 9. N3d2 O-O 10. f3 Nxd2 11. Bxd2 e5 12. e4 exd4 13. c3 Nc5 14. Qc2 dxe4 15.
Bxe4 d3 16. Qd1 Nxe4 17. fxe4 Re8 18. Qg4 Re6 19. Rad1 Qe8 20. Ng3 Bxg3 21.
Qxg3 Bxe4 22. Qxc7 Rg6 23. g3 Re6 24. Rf1 Rc8 25. Qf4 Ba8 26. Rde1 Re2 27. Rxe2
dxe2 28. Re1 Qe6 29. Kf2 Re8 30. a3 Qh3 0-1

[Event "4NCL/Div1b/WGHK2 vs. BRI1"]
[Site "Sunningdale ENG"]
[Date "2009.01.17"]
[Round "5.1"]
[White "Houska, Jovanka"]
[Black "Rudd, Jack"]
[Result "1-0"]
[WhiteElo "2392"]
[BlackElo "2334"]
[PlyCount "57"]
[EventDate "2009.01.17"]
[SourceDate "2008.10.04"]

1. d4 Nf6 2. Nf3 e6 3. c4 c5 4. d5 exd5 5. cxd5 d6 6. h3 b5 7. e4 a6 8. a4 Nxe4
9. axb5 Be7 10. Qa4 Nf6 11. bxa6+ Nbd7 12. Nc3 O-O 13. Be3 Nb6 14. Qd1 Bf5 15.
Bb5 Ne4 16. Nxe4 Bxe4 17. Bc6 Ra7 18. O-O Bf6 19. Qb3 Nd7 20. Nd2 Bf5 21. Nc4
Qc7 22. Bf4 Ne5 23. Nxe5 dxe5 24. Be3 Rb8 25. Qc3 Qc8 26. Bb7 Raxb7 27. axb7
Qxb7 28. Qxc5 Qxb2 29. Qc6 1-0

[Event "4NCL/Div1b/WGHK2 vs. BRI1"]
[Site "Sunningdale ENG"]
[Date "2009.01.17"]
[Round "5.2"]
[White "Cobb, Charles"]
[Black "Broomfield, Matthew"]
[Result "1/2-1/2"]
[WhiteElo "2397"]
[BlackElo "2340"]
[PlyCount "53"]
[EventDate "2009.01.17"]
[SourceDate "2008.10.04"]

1. c4 Nf6 2. Nc3 e6 3. d4 Bb4 4. Qb3 c5 5. dxc5 Na6 6. a3 Bxc5 7. Nf3 b6 8. e3
Bb7 9. Be2 O-O 10. O-O Be7 11. Qa2 Rc8 12. Nb5 Nc7 13. Nxa7 Ra8 14. Nb5 Nxb5
15. cxb5 Qc7 16. Bd2 Bd5 17. Qb1 Ne4 18. Qd3 Bf6 19. Bb4 Rfc8 20. Nd4 Nc5 21.
Qd1 Bxd4 22. exd4 Nb3 23. Rb1 Qf4 24. Bf3 Bxf3 25. Qxb3 Be2 26. Rfe1 Bxb5 27.
Qe3 1/2-1/2

[Event "4NCL/Div1b/WGHK2 vs. BRI1"]
[Site "Sunningdale ENG"]
[Date "2009.01.17"]
[Round "5.4"]
[White "Beaumont, Chris"]
[Black "Farrand, Tom"]
[Result "0-1"]
[WhiteElo "2308"]
[BlackElo "2266"]
[PlyCount "57"]
[EventDate "2009.01.17"]
[SourceDate "2008.10.04"]

1. Nf3 f5 2. d4 e6 3. g3 Nf6 4. Bg2 Be7 5. O-O O-O 6. c4 d6 7. b4 Qe8 8. Bb2
Ne4 9. Qc2 Nd7 10. Nc3 Nxc3 11. Bxc3 Nf6 12. Nd2 Qh5 13. e3 Bd7 14. Qd1 Qh6 15.
Qe2 Rae8 16. Bxb7 e5 17. dxe5 dxe5 18. Bxe5 Ng4 19. Nf3 Bxb4 20. Bf4 Qh3 21.
Rfd1 Be6 22. Bd5 Bd6 23. Bxd6 cxd6 24. Qf1 Qh5 25. Qg2 Rf6 26. Rab1 Rh6 27.
Bxe6+ Rhxe6 28. Rd5 Ne5 29. c5 0-1

[Event "4NCL/Div1b/WGHK2 vs. BRI1"]
[Site "Sunningdale ENG"]
[Date "2009.01.17"]
[Round "5.5"]
[White "Briscoe, Christopher"]
[Black "Curtis, John"]
[Result "1-0"]
[WhiteElo "2268"]
[BlackElo "2125"]
[PlyCount "59"]
[EventDate "2009.01.17"]
[SourceDate "2008.10.04"]

1. Nc3 d6 2. e4 c6 3. f4 d5 4. d4 g6 5. Nf3 dxe4 6. Nxe4 Bg4 7. c3 Qd5 8. Bd3
Bg7 9. O-O Nf6 10. Nc5 b6 11. Na6 Nxa6 12. Bxa6 O-O 13. Qb3 Bxf3 14. Rxf3 e6
15. Bd2 Ne4 16. Be1 Rad8 17. Bc4 Qd7 18. Bd3 Qd5 19. Re3 Nd6 20. Bh4 Rc8 21.
Qxd5 exd5 22. Re7 a5 23. Rae1 Rfe8 24. Rxe8+ Rxe8 25. Rxe8+ Nxe8 26. Bd8 b5 27.
Bxa5 Nd6 28. Bb4 Ne4 29. Bxe4 dxe4 30. b3 1-0

[Event "4NCL/Div1b/WGHK2 vs. BRI1"]
[Site "Sunningdale ENG"]
[Date "2009.01.17"]
[Round "5.6"]
[White "Dilleigh, Stephen P"]
[Black "Lindner, Daniel"]
[Result "0-1"]
[WhiteElo "2151"]
[BlackElo "2243"]
[PlyCount "102"]
[EventDate "2009.01.17"]
[SourceDate "2008.10.04"]

1. d4 d5 2. c4 c6 3. Nf3 Nf6 4. Nc3 e6 5. Bg5 dxc4 6. e4 b5 7. e5 h6 8. Bh4 g5
9. exf6 gxh4 10. Ne5 Qxf6 11. g3 Bb7 12. Bg2 Nd7 13. Qe2 Bb4 14. O-O Bxc3 15.
bxc3 Nb6 16. a4 Nxa4 17. Rxa4 bxa4 18. Rb1 h3 19. Be4 Ba6 20. Bxc6+ Ke7 21. Nd7
Qf5 22. Qb2 f6 23. Qb4+ Kf7 24. Re1 Rac8 25. Qxa4 Rxc6 26. Qxc6 Qd5 27. Qxd5
exd5 28. Nc5 Bb5 29. Ra1 a6 30. f4 Re8 31. Kf2 Re7 32. Ra2 Ra7 33. g4 f5 34.
gxf5 Kf6 35. Kf3 Kxf5 36. Re2 a5 37. Re5+ Kf6 38. Re6+ Kg7 39. Kg4 a4 40. Kh5
a3 41. Rg6+ Kh8 42. Rg1 Be8+ 43. Kh4 a2 44. Ra1 Bg6 45. Kxh3 Bb1 46. Kg4 Ra3
47. f5 Rxc3 48. Kf4 Ra3 49. Ne6 c3 50. Ke3 c2+ 51. Kd2 Rd3+ 0-1

[Event "4NCL/Div1b/WGHK2 vs. BRI1"]
[Site "Sunningdale ENG"]
[Date "2009.01.17"]
[Round "5.7"]
[White "Hagasaether, Ellen"]
[Black "Collier, David O"]
[Result "1-0"]
[WhiteElo "2223"]
[BlackElo "2083"]
[PlyCount "75"]
[EventDate "2009.01.17"]
[SourceDate "2008.10.04"]

1. e4 c5 2. d3 Nc6 3. g3 g6 4. Bg2 Bg7 5. f4 e6 6. Nf3 Nge7 7. O-O O-O 8. c3 d5
9. e5 Bd7 10. Be3 b6 11. Bf2 Rc8 12. Re1 Qc7 13. Nbd2 a6 14. Rc1 Na5 15. Nf1 b5
16. h4 c4 17. d4 Nac6 18. h5 b4 19. hxg6 fxg6 20. Ne3 bxc3 21. bxc3 Rb8 22. Qd2
Rb7 23. Bh3 Rfb8 24. Ng5 Nd8 25. Re2 h6 26. Nf3 Rb1 27. Rxb1 Rxb1+ 28. Kg2 Ba4
29. g4 Rb8 30. Bh4 Ndc6 31. Qc1 Bf8 32. Bf6 Kf7 33. f5 gxf5 34. gxf5 exf5 35.
Nxf5 Nxf5 36. Qf4 Ke8 37. Qxf5 Ne7 38. Qh5+ 1-0

[Event "4NCL/Div1b/WGHK2 vs. BRI1"]
[Site "Sunningdale ENG"]
[Date "2009.01.17"]
[Round "5.8"]
[White "Smith, Olivia"]
[Black "Hegarty, Sarah"]
[Result "1-0"]
[WhiteElo "1996"]
[BlackElo "2088"]
[PlyCount "97"]
[EventDate "2009.01.17"]
[SourceDate "2008.10.04"]

1. e4 c5 2. Nf3 Nc6 3. d4 cxd4 4. Nxd4 g6 5. c4 Bg7 6. Be3 Nf6 7. Nc3 Ng4 8.
Qxg4 Nxd4 9. Qd1 e5 10. f3 O-O 11. Qd2 d6 12. Ne2 Nxe2 13. Bxe2 Qe7 14. h4 f5
15. h5 f4 16. Bf2 g5 17. h6 Bf6 18. Rd1 Rd8 19. c5 dxc5 20. Qxd8+ Qxd8 21.
Rxd8+ Bxd8 22. Bc4+ Kh8 23. Bxc5 Bd7 24. Ke2 Bf6 25. Rd1 Be8 26. Rd6 Be7 27.
Rc6 Bxc5 28. Rxc5 Bd7 29. Rxe5 g4 30. Re7 Rd8 31. Rf7 b5 32. Bd5 gxf3+ 33. gxf3
b4 34. Rxf4 Bb5+ 35. Ke3 a5 36. Rf7 a4 37. Rb7 b3 38. Rxb5 a3 39. bxa3 bxa2 40.
Bxa2 Rd3+ 41. Ke2 Rd2+ 42. Kf1 Rd1+ 43. Kf2 Rd2+ 44. Kg3 Rg2+ 45. Kf4 Rg4+ 46.
Ke3 Rxe4+ 47. Kd3 Re3+ 48. Kc4 Rc3+ 49. Kb4 1-0

[Event "4NCL/Div1b/PAP vs. GADS"]
[Site "Sunningdale ENG"]
[Date "2009.01.17"]
[Round "5.2"]
[White "Davies, Nigel R"]
[Black "Summerscale, Aaron"]
[Result "1-0"]
[WhiteElo "2483"]
[BlackElo "2470"]
[PlyCount "80"]
[EventDate "2009.01.17"]
[SourceDate "2008.10.04"]

1. e4 e6 2. d3 d5 3. Nd2 c5 4. g3 Nc6 5. Bg2 g6 6. Nh3 Bg7 7. O-O Nge7 8. f4
O-O 9. e5 f6 10. exf6 Bxf6 11. Nf3 Qd6 12. Nf2 e5 13. c3 Bd7 14. Kh1 Bg7 15.
fxe5 Nxe5 16. Bf4 g5 17. Bxe5 Bxe5 18. Nxe5 Qxe5 19. Qh5 Qg7 20. Rae1 Rf6 21.
Ng4 Rd6 22. Ne5 Be6 23. Bh3 Bxh3 24. Qxh3 Nc6 25. Rf7 Qh6 26. Qf1 Re8 27. Ng4
Rxe1 28. Nxh6+ Rxh6 29. Rf8+ Kg7 30. Qxe1 Kxf8 31. Qf2+ Ke7 32. Qxc5+ Rd6 33.
Kg2 h6 34. b4 Kd7 35. b5 Ne5 36. Qxa7 Kc7 37. Qe3 Nd7 38. a4 b6 39. Qe7 Rf6 40.
c4 Rd6 1-0

[Event "4NCL/Div1b/PAP vs. GADS"]
[Site "Sunningdale ENG"]
[Date "2009.01.17"]
[Round "5.3"]
[White "Hunt, Harriet"]
[Black "Mestel, A Jonathan"]
[Result "1/2-1/2"]
[WhiteElo "2463"]
[BlackElo "2475"]
[PlyCount "67"]
[EventDate "2009.01.17"]
[SourceDate "2008.10.04"]

1. e4 c5 2. Nf3 d6 3. d4 cxd4 4. Nxd4 Nf6 5. Nc3 g6 6. Be2 Bg7 7. O-O Nc6 8.
Nb3 O-O 9. Bg5 Be6 10. Kh1 h6 11. Bh4 g5 12. Bg3 d5 13. exd5 Nxd5 14. Nxd5 Qxd5
15. Qxd5 Bxd5 16. c4 Be6 17. Nc5 Bf5 18. Nxb7 Nd4 19. Bd1 Rfc8 20. Re1 Rxc4 21.
Rxe7 Rac8 22. Re1 Rc1 23. Ba4 Rxa1 24. Rxa1 Rc4 25. Bb3 Nxb3 26. axb3 Rc2 27.
h4 Bd4 28. hxg5 hxg5 29. Ra5 Bg6 30. Rxg5 Rxb2 31. Na5 Bxf2 32. Bxf2 Rxf2 33.
Nc6 Rb2 34. Ne7+ 1/2-1/2

[Event "4NCL/Div1b/PAP vs. GADS"]
[Site "Sunningdale ENG"]
[Date "2009.01.17"]
[Round "5.4"]
[White "Richardson, John R"]
[Black "Ward, Chris G"]
[Result "0-1"]
[WhiteElo "2312"]
[BlackElo "2426"]
[PlyCount "60"]
[EventDate "2009.01.17"]
[SourceDate "2008.10.04"]

1. d4 Nf6 2. c4 e6 3. Nc3 Bb4 4. e3 b6 5. Bd3 Bb7 6. Nge2 Bxg2 7. Rg1 Bf3 8.
Qc2 Nh5 9. Be4 Bxe4 10. Qxe4 Nc6 11. Bd2 f5 12. Qg2 g6 13. Qh3 d5 14. e4 dxe4
15. O-O-O Qd7 16. d5 Ne5 17. Nxe4 Bxd2+ 18. Nxd2 exd5 19. Qe3 Qe7 20. Nc3 dxc4
21. Kb1 Ng4 22. Qd4 O-O 23. Nd5 Qf7 24. Nxc4 Nhf6 25. Nf4 Rad8 26. Qxd8 Rxd8
27. Rxd8+ Kg7 28. b3 Nxf2 29. Re1 N2e4 30. Red1 Nc3+ 0-1

[Event "4NCL/Div1b/PAP vs. GADS"]
[Site "Sunningdale ENG"]
[Date "2009.01.17"]
[Round "5.5"]
[White "Zhou, Yang-Fan"]
[Black "Snape, Ian"]
[Result "0-1"]
[WhiteElo "2232"]
[BlackElo "2210"]
[PlyCount "106"]
[EventDate "2009.01.17"]
[SourceDate "2008.10.04"]

1. e4 c5 2. Nf3 d6 3. d4 cxd4 4. Nxd4 Nf6 5. Nc3 g6 6. Be3 Bg7 7. f3 O-O 8. Qd2
Nc6 9. O-O-O d5 10. Kb1 Nxd4 11. e5 Nf5 12. exf6 exf6 13. Nxd5 Nxe3 14. Qxe3
Be6 15. Bc4 f5 16. h4 Bxd5 17. Bxd5 Qf6 18. Qb3 Rad8 19. c4 Rde8 20. Qc2 Re7
21. g3 Rfe8 22. Rh2 Re1 23. Rhd2 b6 24. a3 h5 25. Ka2 Rxd1 26. Qxd1 Re3 27. Qc2
Kh7 28. Rg2 Kg8 29. g4 hxg4 30. fxg4 Re5 31. h5 g5 32. Rf2 f4 33. Rd2 f3 34.
Rf2 Re3 35. Qd2 Qf4 36. c5 bxc5 37. Bb3 Bd4 38. Bc4 Qxg4 39. h6 Qf5 40. Rh2 g4
41. h7+ Kh8 42. Qa5 Re8 43. Qb5 Rf8 44. Rh1 g3 45. Re1 g2 46. Re8 Rxe8 47.
Qxe8+ Kxh7 48. Bd3 Qxd3 49. Qxf7+ Kh6 50. Qf4+ Kg6 51. Qg4+ Kf6 52. Qh4+ Ke5
53. Qg3+ Ke4 0-1